LEADER 00573nas a2200157 i 4500 001 000000016889 003 CaOOAMICUS 005 20180830125443.0 008 180830n it u0 ita u 040 $aSeMil$bita 245 10$aOpere di Hugo von Hofmannsthal /$cA cura di Leone Traverso. 260 $aFirenze :$bVallecchi,$c[195?] 300 $av. ;$c21 cm. 700 1 $aTraverso, Leone,$d<1910-1968>.$0(OLS)http://semarc/name/7758 996 $6245$aOpere di Hugo von Hofmannsthal$9(OLS)http://semarc/title/22342 996 $6260$aFirenze :$bVallecchi$9(OLS)http://semarc/publisher/29768 LEADER 00896nam a2200217 i 4500 001 000000198988 003 CaOOAMICUS 005 20110314000000.0 008 110314s1852 it u000 u ita u 013 $a177678 040 $aSeMil$bita 100 1 $aRomani, Felice.$0(OLS)http://semarc/name/12156 245 10$aNorma :$btragedia lirica in due atti /$cparole di Felice Romani ; musica del Maestro Cav. Vincenzo Bellini. 260 $aVenezia :$bPietro dal Bianco,$c1852. 300 $a24 p. ;$c18 cm. 700 1 $aBellini, Vincenzo,$d<1801-1835>.$0(OLS)http://semarc/name/72020 773 0 $t[Miscellanea.$w()1250 850 $aSeMil 852 $aSeMil$W1$xVenegono$y1$m5B I 19/2 FA$j149541$B149541$CSeMilBibl$Z2$F160927 $8I 996 $6245$aNorma :$btragedia lirica in due atti$9(OLS)http://semarc/title/287675 996 $6260$aVenezia :$bPietro dal Bianco$9(OLS)http://semarc/publisher/51285